Labour market policies in Slovenia
Gespeichert in:
| Format: | Buch |
|---|---|
| Sprache: | Englisch |
| Veröffentlicht: |
Paris
OECD
1997
|
| Schlagworte: | |
| Tags: |
Keine Tags, Fügen Sie das erste Tag hinzu!
|
MARC
| LEADER | 00000nam a2200000 4500 | ||
|---|---|---|---|
| 001 | c117845 | ||
| 005 | 20221124074743.1 | ||
| 020 | |a 92-64-15606-2 | ||
| 041 | 0 | |a eng | |
| 044 | |a FR | ||
| 245 | 1 | 0 | |a Labour market policies in Slovenia |
| 264 | 1 | |a Paris |b OECD |c 1997 | |
| 300 | |a 91 s. | ||
| 610 | 2 | 0 | |a trh práce |
| 610 | 2 | 0 | |a politika zamestnanosti |
| 610 | 2 | 0 | |a politika sociálna |
| 610 | 2 | 0 | |a zamestnanosť |
| 610 | 2 | 0 | |a SVE |
| 610 | 2 | 0 | |a Slovinsko |